| 000 | 01099cam a22001814a 4500 | ||
|---|---|---|---|
| 005 | 20250605164328.0 | ||
| 008 | 250528s ||||||||||||||||||||||||d | ||
| 035 | _a23141 | ||
| 040 |
_aGR-AtMCL _bgre _dGR-AtMCL _eAACR2 |
||
| 245 | 1 | _aΠροπονητική | |
| 260 |
_bΣυμμετρία, _c1991 |
||
| 300 | _a322 | ||
| 520 | _aΣύμφωνα με τις αρχές του βιβλίου η Προπονητική αποτελεί αρμονικό συνταίριασμα επιστήμης και τέχνης. Προοπτική της Προπόνησης, Διαμόρφωση της Αθλητικής Απόδοσης, Αρχές της Αθλητικής Προπόνησης, Θεμελιώσεις και Μέθοδοι Αθλητικής Προπόνησης, Σχεδιασμός και Οργάνωση και Έλεγχος της Προπονητικής Πορείας, Προετοιμασία των Αθλητών για Αγώνες, Βιβλιογραφία. | ||
| 700 | 1 |
_aΚλεισούρας Βασίλης _98705 |
|
| 942 | _cBK | ||
| 999 |
_c8171 _d8171 |
||